000 00693nam a2200265 4500
001 BS2023000143
003 BR-BrBNA
005 20230815161800.0
008 230712b1993 bl.||||| |||| 00| 0 por d
020 _a85-346-0069-4
040 _aBR-BrBNA
_bpor.
041 _apor.
072 _aC11
100 _4aut.
_aTeixeira, Elson Adalberto
100 _4aut.
_aMachado, Andréa Monteiro de Barros
245 _aLeitura dinâmica e memorização /
260 _aSão Paulo - SP :
_bMakron Books,
_c1993
300 _b137 p.
650 _aMEMÓRIA
650 _aTREINAMENTO
650 _aLEITURA RÁPIDA
909 _a202307
_bMaria Neves
942 _cBK
999 _c9612
_d9612